000
00294nam a22001337a 4500
008
181023b xxu||||| |||| 00| 0 eng d
020
_a
9780131108417
041
_a
eng
080
_a
616-053.2
100
_a
8
101
_a
PED
245
_a
Child Development
_c
McDevit, T.M
942
_2
udc
_c
BK
999
_c
50664
_d
50664